Pomoc z fondov využijú len pripravení

Význam fondov Európskej únie - pomoc združeniam, obciam a regiónom pri prekonávaní problémov sociálneho a hospodárskeho rozvoja. Ciele Európskeho spoločenstva. Nástroje regionálnej politiky. Čerpanie finančných prostriedkov z fondov.

Na minha lista:
Detalhes bibliográficos
Autor principal: Šimna, Ľubomír
Formato: Capítulo de Livro
Idioma:eslovaco
Assuntos:
Tags: Adicionar Tag
Sem tags, seja o primeiro a adicionar uma tag!

MARC

LEADER 00000naa$a2200000$$$4500
001 0001621
005 20230927091853.9
041 0 |a slo 
044 |a SK 
245 1 0 |a Pomoc z fondov využijú len pripravení  |c aut. Ľubomír Šimna 
520 |a Význam fondov Európskej únie - pomoc združeniam, obciam a regiónom pri prekonávaní problémov sociálneho a hospodárskeho rozvoja. Ciele Európskeho spoločenstva. Nástroje regionálnej politiky. Čerpanie finančných prostriedkov z fondov. 
610 2 0 |a pomoc rozvojová 
610 2 0 |a fondy finančné 
610 2 0 |a regióny 
610 2 0 |a obce 
610 2 0 |a politika regionálna 
610 2 0 |a Európska únia 
100 1 |a Šimna, Ľubomír